Adolf Hitler - Statistics

General Stats
  • This quiz has been taken 1,638 times
    823 since last reset
  • The average score is 10 of 20
Answer Stats
Question Answer % Correct
In which country was Hitler born? Austria
97%
which country did Hitler fight for during World War 1? Germany
92%
While living in Vienna, what did Hitler want to study? Art
88%
What was the name of his book? Mein Kampf
82%
Hitler died in 1945. How did he die? Suicide
81%
When was Hitler appointed Chancellor of Germany? 1933
70%
Who was Hitler's wife? Eva Braun
65%
Which religion did Hitler attempt to eradicate? Judaism
63%
Which race did Hitler believe was superior to all others? Aryan
51%
City that was the headquarters of the Nazi party Munich
50%
What was Hitler's title when the offices of CHancellor and President merged? Fuhrer
48%
Which treaty was Hitler vehemently opposed to? Versailles
47%
What event of Hitler's dictatorship sparked the onset of World War 2? Invasion of Poland
43%
Who was the German President when Hitler became Chancellor? Paul von Hindenburg
38%
The Nazi party set up these across Occupied Europe during World War 2. Concentration camps
36%
What did Hitler turn the Weimar Republic into? A dictatorship
26%
Hitler was once arrested for his part in what? Beer Hall Putsch
21%
Concept embraced by Hitler's Nazi Party Fascism
18%
In 1939, Hitler was nominated for which award? Nobel Prize
18%
What Hitler sought for Germany in Eastern Europe. Living Room
5%
No matching quizzes found
Score Distribution
Percent of People with Each Score
Percentile by Number Answered
Your Score History
You have not taken this quiz since the last reset